000 00921cab a22002175a 4500
001 L149423
008 100304e20100131xxkao f s 000 0 eng d
035 _a(Sirsi) u149423
041 0 _aeng
100 1 _aMorrell, Liz
245 0 0 _aFocus
_bHertfordshire
260 _c2010
490 _aEstates Gazette
_v(1003) 23 January 2010, 65-75(8)
520 _aRetail development plans for Watford and Letchworth are being pushed forward while Hatfield's is on hold; controversy surrounds a proposed 3.5m sq ft rail-connected distribution park near St Albans due to environmental, noise, traffic congestion and rail capacity issues; table of the main towns' industrial markets in 2009; 4 large deals in 2009 disguise a difficult year.
590 _aKA
651 4 _aHertfordshire
690 _aPROPERTY-COMMERCIAL PROPERTY-COMMERCIAL PROPERTY MARKET
700 1 _aJack, Simon
700 1 _aRobson, Claire
942 _n0
999 _c82169
_d82169